Statistiques concernant Voc allemand - Météo

Cliquez ici pour prendre le quiz!

Statistiques générales

  • Ce quiz a été pris 15 fois
  • Le résultat moyen est 17 sur 27

Statistiques - réponses

HintRéponse% Correct
Der SchneeLa neige
93%
Das WetterLe temps
93%
FrierenAvoir froid / geler
86%
Kühl / KaltFroid
86%
Die Temperatur, -enLa température
86%
Das KlimaLe climat
86%
Die KälteLe froid
86%
Der Wind, -eLe vent
86%
SchneienNeiger
86%
Der RegenLa pluie
79%
Das EisLa glace
71%
Die LuftL'air
71%
ScheinenBriller
57%
Der Sturm, ¨-eLa tempête
57%
Der NebelLe brouillard
57%
Der FrostLe gel
57%
Die Wolke, -nLe nuage
57%
DonnernTonner
57%
Die HitzeLa chaleur
50%
Der Blitz, -eLa foudre / l'éclair
50%
Der Grad, -eLe degré
50%
Das GewitterL'orage
50%
Der Wetterbericht, -eLe bulletin météo
36%
Der Schirm, -eLe parapluie
29%
NebligBrumeux
21%
SchwitzenTranspirer
21%
HeiterClair
7%

Distribution des résultats

Percentile par nombre de réponses

% des personnes avec chaque résultat

Votre développement - résultats

Vous n’avez pas pris ce quiz